00769nam a2200253 a 4500001001300000003000900013005001700022008004100039020002300080082001500103100002200118245003000140260004200170300000900212500003500221505002900256650002600285650002400311700002200335902000800357942000700365952012800372999001500500nice12345678IN_TiNIC20260116013136.0050524s1990 leia grp 000 0 eng  a0830817 c74800a226.8bBLO aBlomberg, Craig L aInterpreting the Parables aLeicesterbInter Varsity Press c1990 a333p aincludes index and biblioraphy2 aGospel, Reference Index. aJesus Christ-Parables aBible N.T. Parables1 aBlomberg, Craig L bSRS cBK 001040708StackRoom-aHMIbHMId2007-10-30g748.00l1o226.8 BLOp019621r2019-08-14s2019-08-02v748.00w2005-05-24yBK c9832d9832